000 00320nam a22001337a 4500
008 181220b xxu||||| |||| 00| 0 eng d
020 _a9780256137279
041 _aeng
080 _24th
_a339.138
100 _a60
101 _aMAR
245 _aMarketing Management Knowledge and Skills
_cPeter,J.P
942 _2udc
_cBK
999 _c53562
_d53562